|
|
|
|
| LEADER |
01013nam a2200265 u 4500 |
| 001 |
10038233 |
| 003 |
upatras |
| 005 |
20250610130835.0 |
| 008 |
001213s1965 gs ger |
| 040 |
|
|
|a GR-PaULI
|c GR-PaULI
|
| 041 |
0 |
|
|a ger
|
| 082 |
0 |
4 |
|a 190.090 34
|
| 100 |
1 |
|
|a Marcuse, Herbert,
|d 1898-1979
|9 7892
|
| 245 |
1 |
0 |
|a Kultur und gesellschaft I
|c Herbert Marcuse
|
| 260 |
|
|
|a Frankfurt
|b Suhrkamp
|c 1965
|
| 300 |
|
|
|a 178 p.
|c 15 cm.
|
| 490 |
0 |
|
|a Suhrkamp taschenbuch wissenschaft
|v 101
|
| 650 |
|
0 |
|a Φιλοσοφία
|y 19ος αιώνας
|9 1997
|
| 600 |
1 |
0 |
|a Marcuse, Herbert,
|d 1898-1979
|9 7892
|
| 760 |
0 |
|
|a Suhrkamp Taschenbuch Wissenschaft
|g 101
|
| 852 |
|
|
|a GR-PaULI
|b ΠΑΤΡΑ
|b ΦΙΛΟΣΟΦΙΑ
|k ΑΣΧΞ-4
|h 190.090 34 Μ
|m 2066
|p 025000096428
|t 1
|
| 942 |
|
|
|2 ddc
|c BK15
|
| 952 |
|
|
|0 0
|1 0
|4 0
|6 190_090000000000000_34_Μ
|7 0
|9 24376
|a PHIL
|b PHIL
|d 2016-04-24
|i 2066
|l 0
|o 190.090 34 Μ
|p 025000096428
|r 2016-04-24 00:00:00
|t 1
|w 2016-04-24
|y BK15
|
| 998 |
|
|
|c Μπουζαμανάκη
|d 2000-12
|
| 999 |
|
|
|c 15371
|d 15371
|